Terminus de la ligne 3 depuis 1904 - Statistiques

Statistiques générales
  • Ce quiz a été pris 11 fois
  • Le résultat moyen est 8 sur 9
Statistiques - réponses
Dates Sens Station % Correct
depuis 1971 Est Gallieni
100%
1905 - 1921 Est Gambetta
100%
1971 - 1971 (1 mois) Est Gambetta
100%
depuis 1937 Ouest Pont de Levallois - Bécon
100%
1910 - 1911 Ouest Pereire
80%
1911 - 1937 Ouest Porte de Champerret
80%
1904 - 1905 Est Père Lachaise
70%
1904 - 1910 Ouest Villiers
70%
1921 - 1971 Est Porte des Lilas
60%
Aucun quiz correspondant
Distribution des résultats
% des personnes avec chaque résultat
Percentile par nombre de réponses
Votre historique - résultats
Vous n’avez pas pris ce quiz